Los buenos, los malos y los feos: poder y resistencia en América Latina

Uloženo v:
Podrobná bibliografie
Hlavní autoři: Böttcher, Nikolaus (Autor), Galaor, Isabel (Autor), Hausberger, Bernd (Autor)
Médium: Kniha
Jazyk:španělština
Vydáno: Madrid Iberoamericana 2005
Edice:Bibliotheca Ibero-Americana, 102
Témata:
Tagy: Přidat tag
Žádné tagy, Buďte první, kdo vytvoří štítek k tomuto záznamu!

MARC

LEADER 00000nam a2200000 a 4500
001 UCI0223
003 CL-VaPUC
008 070427e20050000SP |||||||||||||||||spa|d
020 |a 8484891917 
082 0 4 |a 338.9  |b BOT  |2 21 
100 0 |a Böttcher, Nikolaus  |e author  |9 520338 
700 0 |a Galaor, Isabel  |e author  |9 520339 
700 0 |a Hausberger, Bernd  |e author  |9 520340 
245 1 4 |a Los buenos, los malos y los feos: poder y resistencia en América Latina 
300 |a 512 p 
942 |c BK 
945 |d 20070427 00:00:00  |a jtorresc 
260 |a Madrid  |b Iberoamericana  |c 2005 
650 0 |a Aspectos sociales  |9 254894 
650 0 |a Desarrollo económico  |9 259599 
650 0 |a Política económica   |9 255029 
650 0 |a Poder político  |9 255509 
650 0 |a Congresos  |9 257560 
651 0 |a América Latina   |9 255027 
583 |a last modification  |c 20130304 04:21:06  |k Rodrigo Vera 
490 0 |a Bibliotheca Ibero-Americana, 102 
999 |c 325460  |d 325458 
952 |0 0  |1 0  |4 0  |6 338_900000000000000_BOT_2005  |7 0  |8 A  |9 406404  |a BIBHIS  |b BIBHIS  |d 2019-11-22  |i 4331117  |o 338.9 BOT 2005  |p 4331117  |r 2025-01-20  |w 2019-11-22  |y BK  |k HIS